000 00752cab a2200253 4500
001 ABS52009
008 090401t1994 xxu||||| |||| 00| 0 eng d
035 _a(Sirsi) u54563
041 _aeng
100 _aPartridge, C.
245 _aWhat will happen to my rates next year?
260 _c1994
350 _a0
490 _aFore and Aft
_v12(4) December 1994, 24-26(2)
520 _aExamines the implications for marina occupiers, of the rating reassessment at 1 April 1995.
650 _aBUSINESS RATES
650 _aDOCKS AND HARBOURS (RATEABLE VALUES) ORDER 1989
650 _aMARINAS
650 _aRATING REVALUATION 1995
650 _aUNIFORM BUSINESS RATE
690 _aRATING AND VALUATION
942 _n0
948 _c04/03/1997
999 _c33446
_d33446